|
|
|
|
| LEADER |
02872nam a22004575i 4500 |
| 001 |
978-3-642-14724-1 |
| 003 |
DE-He213 |
| 005 |
20151125193810.0 |
| 007 |
cr nn 008mamaa |
| 008 |
101029s2011 gw | s |||| 0|eng d |
| 020 |
|
|
|a 9783642147241
|9 978-3-642-14724-1
|
| 024 |
7 |
|
|a 10.1007/978-3-642-14724-1
|2 doi
|
| 040 |
|
|
|d GrThAP
|
| 050 |
|
4 |
|a R895-920
|
| 072 |
|
7 |
|a MMPH
|2 bicssc
|
| 072 |
|
7 |
|a MJN
|2 bicssc
|
| 072 |
|
7 |
|a MED056000
|2 bisacsh
|
| 072 |
|
7 |
|a MED008000
|2 bisacsh
|
| 082 |
0 |
4 |
|a 616.0757
|2 23
|
| 100 |
1 |
|
|a Marín-Padilla, Miguel.
|e author.
|
| 245 |
1 |
4 |
|a The Human Brain
|h [electronic resource] :
|b Prenatal Development and Structure /
|c by Miguel Marín-Padilla.
|
| 264 |
|
1 |
|a Berlin, Heidelberg :
|b Springer Berlin Heidelberg :
|b Imprint: Springer,
|c 2011.
|
| 300 |
|
|
|a XII, 145 p. 82 illus., 67 illus. in color.
|b online resource.
|
| 336 |
|
|
|a text
|b txt
|2 rdacontent
|
| 337 |
|
|
|a computer
|b c
|2 rdamedia
|
| 338 |
|
|
|a online resource
|b cr
|2 rdacarrier
|
| 347 |
|
|
|a text file
|b PDF
|2 rda
|
| 505 |
0 |
|
|a Mammalian Cerebral Cortex: Embryonic Devolpment and Cytoarchitecture.-Human Motor Cortex: Development and Cytoarchitecture.-The Mammalian Pyramidal Neuron: Development, Structure and Function.-Human Motor Cortex First Lamina: Devolpment and Cytoarchitecture.-Human Motor Cortex Excitatory/ Inhibitory Neuronal Systems: Devolpment and Cytoarchitecture.-Human Cerebral Cortex Intrinsic Microvascular System: Devolpment and Cytoarchitecture.-Human Motor Cortex First Lamina and Gray Matter Special Astrocytes: Devolpment and Cytoarchitecture.-New Developmental Cytoarchitectonics Therory and Nomenclature -- Epilogue -- Cat Motor Cortex: Devolpment and Cytoarchitecture.-Appendix: The Rapid Golgi Reaction - A Personal Quest.
|
| 520 |
|
|
|a This book is unique among the current literature in that it systematically documents the prenatal structural development of the human brain. It is based on lifelong study using essentially a single staining procedure, the classic rapid Golgi procedure, which ensures an unusual and desirable uniformity in the observations. The book is amply illustrated with 81 large, high-quality color photomicrographs never previously reproduced. These photomicrographs, obtained at 6, 7, 11, 15, 18, 20, 25, 30, 35, and 40 weeks of gestation, offer a fascinating insight into the sequential prenatal development of neurons, blood vessels, and glia in the human brain.
|
| 650 |
|
0 |
|a Medicine.
|
| 650 |
|
0 |
|a Neurosciences.
|
| 650 |
|
0 |
|a Neuroradiology.
|
| 650 |
1 |
4 |
|a Medicine & Public Health.
|
| 650 |
2 |
4 |
|a Neuroradiology.
|
| 650 |
2 |
4 |
|a Neurosciences.
|
| 710 |
2 |
|
|a SpringerLink (Online service)
|
| 773 |
0 |
|
|t Springer eBooks
|
| 776 |
0 |
8 |
|i Printed edition:
|z 9783642147234
|
| 856 |
4 |
0 |
|u http://dx.doi.org/10.1007/978-3-642-14724-1
|z Full Text via HEAL-Link
|
| 912 |
|
|
|a ZDB-2-SME
|
| 950 |
|
|
|a Medicine (Springer-11650)
|